000 00530nam a22001817a 4500
005 20251108165039.0
008 250721s1990 xx 000 0 ara d
082 1 4 _a364.17/اسي
100 1 _aجانو، اسيمة
245 1 0 _aالدمار الثالث مافيات المخدرات في العالم /
264 1 _aالقاهرة :
_bمكتبة مدبولي،
_c1990.
300 _a247ص
650 1 7 _aالمخدرات
650 1 7 _aالجريمة
650 1 7 _aالمجرمون
942 _2ddc
_cBK
999 _c20819
_d20819